000 00471nam a2200145 a 4500
001 000036577
005 20200930075816.0
008 120120s1985 xxud 000 0 eng d
040 _aDO-SdBNP
_bspa
_cBNPHU
082 _axxx
_bC841n
100 1 _aCostello, Dennis R.
_962847
245 1 0 _aNew venture analysis :
_bResearch, planning and finance /
_cDennis R. Costello.
260 _aDow-Jones, Illinois :
_bDow Jones-Irwin,
_c1985.
300 _axii, 190 p. :
_bdiagr. ;
_c24 cm.
999 _c36068
_d36068